| 000 | 01149nam a2200313 i 4500 | ||
|---|---|---|---|
| 001 | 000046762 | ||
| 003 | DO-SdBNP | ||
| 005 | 20250313083747.0 | ||
| 007 | ta | ||
| 008 | 180322s2013 dr 000 0 spa d | ||
| 020 | _a9789945412833 | ||
| 040 |
_aDO-SdBNP _bspa _cBNPHU _erda |
||
| 041 | 1 | _aeng. | |
| 082 |
_axxxx _bR457 _222 |
||
| 100 | 1 |
_aReyes, Yosmayra E _974724 _eautora _4aut. |
|
| 245 | 1 | 0 |
_aPerspectives of mental health development in the Dominican Republic : _ba descriptive analysis of mental health developmet and treatment options availability through the study of a medical clinic in Monte Plata and national institutions / _cYosmayra E. Reyes. |
| 264 | 1 |
_a[Monte Plata], República Dominicana : _bFUNGLODE, _c2013. |
|
| 300 |
_a71 páginas _c21 cm. |
||
| 336 |
_atexto _btxt _2rdacontent |
||
| 337 |
_asin mediación _bn _2rdamedia |
||
| 338 |
_avolumen _bnc _2rdacarrier |
||
| 490 | 1 | _aResearch and ideas ; | |
| 490 | 1 | _aHealth ; | |
| 500 | _aIncluye datos biografícos de la autora en la página 67-68. | ||
| 504 | _aBibliografía p: 63-66 | ||
| 590 | _aInventariado, 2018/ YL | ||
| 910 | _aYLockward | ||
| 942 |
_2ddc _cLBS1 |
||
| 999 |
_c46251 _d46251 |
||